| 000 | 00341nam a22001457a 4500 | ||
|---|---|---|---|
| 020 | _qPB. | ||
| 040 | _cFIZZA ISHAQ | ||
| 082 |
_a005.74 _bJEF |
||
| 100 |
_aHOFFER,JEFFREY. _989746 |
||
| 245 |
_aMODERN DATABASE MANAGEMENT / _cJEFFREY HOFFER. |
||
| 250 | _a13th ED. | ||
| 260 |
_aPEARSON ; _c2020. |
||
| 300 | _a586 P. ; | ||
| 942 |
_2ddc _cBK |
||
| 999 |
_c588328 _d588328 |
||